Дама с камелиями

Podrobná bibliografie
Hlavní autor: Дюма (Дюма-сын) А. Александр
Shrnutí:Книга на французском языке.
Вниманию читателей предлагается полный, неадаптированный текст известного романа Александра Дюма-сына «Дама с камелиями» (1848). Издание рассчитано на лиц, владеющих основами французского языка и совершенствующих свои навыки в нём.
Jazyk:francouzština
Vydáno: Москва, Юпитер-Интер, 2008
Edice:Классики в оригинале
Témata:
Médium: MixedMaterials Kniha
KOHA link:https://koha.lib.tpu.ru/cgi-bin/koha/opac-detail.pl?biblionumber=136400

MARC

LEADER 00000nam0a2200000 4500
001 136400
005 20231101220621.0
010 |a 9785954200492 
035 |a (RuTPU)RU\TPU\book\147831 
090 |a 136400 
100 |a 20080423d2008 m y0rusy50 ca 
101 0 |a fre 
102 |a RU 
105 |a y z 000ay 
200 1 |a Дама с камелиями  |d La Dame aux Camélias   |f А. Дюма (Дюма-сын) 
210 |a Москва  |c Юпитер-Интер  |d 2008 
215 |a 269 с. 
225 1 |a Классики в оригинале 
300 |a Книга на французском языке. 
330 |a Вниманию читателей предлагается полный, неадаптированный текст известного романа Александра Дюма-сына «Дама с камелиями» (1848). Издание рассчитано на лиц, владеющих основами французского языка и совершенствующих свои навыки в нём. 
510 1 |a La Dame aux Camélias  |z rus 
606 1 |a Французский язык  |x Учебные руководства и пособия для вузов  |x Хрестоматии  |2 stltpush  |3 (RuTPU)RU\TPU\subj\16843  |9 42743 
610 1 |a художественная литература 
610 1 |a романы 
610 1 |a лексика 
610 1 |a чтение 
610 1 |a книги для чтения 
675 |a 84  |v 3 
686 |a Ш147.11-923.8  |2 rubbk 
700 1 |a Дюма (Дюма-сын)  |b А.  |c французский писатель  |f 1824-1895  |g Александр  |2 stltpush  |3 (RuTPU)RU\TPU\pers\10155  |9 2201 
801 1 |a RU  |b 63413507  |c 20080423  |g PSBO 
801 2 |a RU  |b 63413507  |c 20220530  |g PSBO 
942 |c BK 
959 |a 46/20080422  |d 1  |e 92,51  |f ХФ:1